000 00817nam a2200253 i 4500
001 bg
100 1 _aSUCHAŃSKI, Jerzy
245 1 0 _aZbiór zadań testowych z elektrotechniki teoretycznej.
_nCz. 3 /
_cJerzy Suchański, Henryk Weroński.
250 _a[Wyd.3].
260 _aKielce :
_bWydaw. PŚ,
_c1998.
300 _a44 s. :
_brys. ;
_c23 cm.
490 1 _aSkrypty / Politechnika Świętokrzyska,
_x0239-6386 ;
_vnr 326
504 _aBibliogr. s. 42.
650 9 _aElektrotechnika
_xteoria
655 _aĆwiczenia i zadania
700 1 _aWEROŃSKI, Henryk
710 0 _aPOLITECHNIKA ŚWIĘTOKRZYSKA (Kielce)
830 0 _aSkrypty (Politechnika Świętokrzyska) ;
_vnr 326
040 _cBPK
041 0 _apl
080 _a621.3(075.8)(076)
942 _cKS
008 s pl f |000 0 pol
999 _c32902
_d32902
856 _uhttp://koha.tu.koszalin.pl/cgi-bin/koha/opac-detail.pl?biblionumber=32902
_yKatalog online BPK